|
|
|
|
| LEADER |
00934nam a2200253 a 4500 |
| 001 |
4096212 |
| 008 |
090518s1975 nyua 001 0 eng d |
| 010 |
|
|
|a 74011273
|
| 020 |
|
|
|a 007055787X
|
| 040 |
|
|
|a DLC
|c DLC
|d DLC
|
| 060 |
|
|
|a WY159 C737
|
| 082 |
0 |
0 |
|a 610.73/62
|2 18
|
| 245 |
0 |
0 |
|a Comprehensive pediatric nursing
|c [edited by] Gladys M. Scipien [and others]
|
| 260 |
|
|
|a New York,
|b McGraw-Hill
|c [1975]
|
| 300 |
|
|
|a xiv, 975 p.
|b illus.
|c 26 cm.
|
| 504 |
|
|
|a Includes bibliographies.
|
| 541 |
1 |
|
|e 00004828
|
| 500 |
|
|
|a "A Blakiston publication."
|
| 650 |
|
0 |
|a Pediatric nursing.
|
| 650 |
|
2 |
|a Pediatric nursing.
|
| 700 |
1 |
|
|a Scipien, Gladys M.,
|e ed.
|
| 852 |
4 |
|
|a <add your library>
|j <shelf mark>
|
| 999 |
|
|
|c 780
|d 780
|
| 952 |
|
|
|0 0
|1 0
|2 ddc
|4 0
|6 610_736200000000000_SCI_1975
|7 0
|8 NFIC
|9 719
|a BRACUL
|b BRACUL
|c GEN
|d 2009-05-18
|g 0.00
|l 0
|o 610.7362 SCI
|p 3010004824
|r 2009-05-18
|t 1
|w 2009-05-18
|y BK
|x No price found in the accession register.
|